[Event "VI Sunway Sitges Open 2019"]
[Site "Sitges"]
[Date "2019.12.13"]
[Round "1.35"]
[White "Sibi Visal R"]
[Black "Li, Di"]
[Result "0-1"]
[WhiteElo "2185"]
[BlackElo "2543"]
[Annotator "RC"]
[PlyCount "202"]
[EventDate "2019.12.13"]
[EventType "swiss"]
[EventCountry "ESP"]
[SourceTitle "playchess.com"]
[Source "ChessBase"]
[SourceQuality "1"]
[TimeControl "40/5400+30:1800+30"]

1. c4 {[%emt 0:00:00]} e6 {[%emt 0:00:15]} 2. Nf3 {[%emt 0:00:00]} d5 {[%emt 0:00:11]} 3. d4 {[%emt 0:00:00]} dxc4 {[%emt 0:01:48]} 4. Nc3 {[%emt 0:00:16]} a6 {[%emt 0:01:20]} 5. a4 {[%emt 0:00:27]} Nc6 {[%emt 0:03:22]} 6. e3 {[%emt 0:05:49]} Na5 {[%emt 0:01:02]} 7. Nd2 {[%emt 0:01:19]} c5 {[%emt 0:00:53]} 8. Nxc4 {[%emt 0:01:37]} Nf6 {[%emt 0:01:15]} 9. dxc5 {[%emt 0:08:06]} Qxd1+ {[%emt 0:01:04]} 10. Kxd1 {[%emt 0:00:02]} Nb3 {[%emt 0:07:52]} 11. Rb1 {[%emt 0:04:01]} Bxc5 {[%emt 0:02:29]} 12. Kc2 {[%emt 0:05:09]} Nxc1 {[%emt 0:00:21]} 13. b4 {[%emt 0:00:14]} Ba7 {[%emt 0:02:17]} 14. Rxc1 {[%emt 0:00:41]} Ke7 {[%emt 0:04:42]} 15. Be2 {[%emt 0:02:01]} g5 {[%emt 0:05:39]} 16. Rhd1 {[%emt 0:02:50]} g4 {[%emt 0:02:55]} 17. Kb3 {[%emt 0:04:34]} h5 {[%emt 0:20:23]} 18. Nd6 {[%emt 0:04:11]} Rd8 {[%emt 0:02:14]} 19. Nce4 {[%emt 0:04:27]} Nd5 {[%emt 0:03:06]} 20. Bc4 {[%emt 0:03:54]} Rxd6 {[%emt 0:17:00]} 21. Nxd6 {[%emt 0:00:23]} Kxd6 {[%emt 0:00:06]} 22. e4 {[%emt 0:00:39]} Bd7 {[%emt 0:00:08]} 23. b5 {[%emt 0:05:46]} axb5 {[%emt 0:04:23]} 24. axb5 {[%emt 0:06:07]} Bb6 {[%emt 0:00:32]} 25. exd5 {[%emt 0:00:08]} e5 {[%emt 0:00:04]} 26. Be2 {[%emt 0:00:59]} Bc5 {[%emt 0:02:25]} 27. Ra1 {[%emt 0:02:53]} Rg8 {[%emt 0:00:33]} 28. Ra4 {[%emt 0:09:02]} f5 {[%emt 0:01:40]} 29. Rda1 {[%emt 0:02:21]} Bxf2 {[%emt 0:09:45]} 30. Ra8 {[%emt 0:00:02]} Rxa8 {[%emt 0:00:30]} 31. Rxa8 {[%emt 0:00:05]} Bg1 {[%emt 0:01:44]} 32. Rh8 {[%emt 0:01:17]} Bxh2 {[%emt 0:00:26]} 33. Kc4 {[%emt 0:00:15]} e4 {[%emt 0:01:22]} 34. Rh6+ {[%emt 0:00:18]} Ke7 {[%emt 0:01:50]} 35. Rxh5 {[%emt 0:00:26]} Bg1 {[%emt 0:00:29]} 36. Rh6 {[%emt 0:00:51]} Be3 {[%emt 0:01:19]} 37. Rh7+ {[%emt 0:08:09]} Kd6 {[%emt 0:00:05]} 38. Rg7 {[%emt 0:00:02]} b6 {[%emt 0:00:23]} 39. Rf7 {[%emt 0:14:13]} Bc5 {[%emt 0:00:57]} 40. Kc3 {[%emt 0:00:00]} Kc7 {[%emt 0:00:00]} 41. Bd1 {[%emt 0:05:05]} Kd8 {[%emt 0:01:00]} 42. Kc4 {[%emt 0:02:46]} Ke8 {[%emt 0:00:16]} 43. Rg7 {[%emt 0:00:18]} Kd8 {[%emt 0:07:20]} 44. Rf7 {[%emt 0:00:51]} Bd6 {[%emt 0:01:40]} 45. Be2 {[%emt 0:00:48]} Be5 {[%emt 0:01:38]} 46. Rh7 {[%emt 0:00:55]} Kc7 {[%emt 0:01:38]} 47. Rh6 {[%emt 0:01:49]} f4 {[%emt 0:05:23]} 48. d6+ {[%emt 0:02:19]} Bxd6 {[%emt 0:00:06]} 49. Kd5 {[%emt 0:00:02]} f3 {[%emt 0:00:52]} 50. gxf3 {[%emt 0:00:28]} Bf4 {[%emt 0:02:00]} 51. Rh7 {[%emt 0:05:47]} exf3 {[%emt 0:01:49]} 52. Bd3 {[%emt 0:00:10]} g3 {[%emt 0:09:34]} 53. Bf1 {[%emt 0:11:37]} g2 {[%emt 0:01:06]} 54. Bxg2 {[%emt 0:00:05]} fxg2 {[%emt 0:00:04]} 55. Rg7 {[%emt 0:00:03]} Be3 {[%emt 0:00:59]} 56. Rxg2 {[%emt 0:00:11]} Bxb5 {[%emt 0:00:06]} 57. Rg7+ {[%emt 0:00:02]} Bd7 {[%emt 0:00:44]} 58. Rh7 {[%emt 0:00:01]} Bc5 {[%emt 0:00:45]} 59. Rg7 {[%emt 0:00:31]} Be3 {[%emt 0:02:24]} 60. Rh7 {[%emt 0:00:19]} Bg5 {[%emt 0:00:13]} 61. Rg7 {[%emt 0:00:14]} Bd8 {[%emt 0:00:31]} 62. Rh7 {[%emt 0:00:22]} Kc8 {[%emt 0:00:20]} 63. Rh8 {[%emt 0:00:08]} Kc7 {[%emt 0:00:06]} 64. Rh7 {[%emt 0:00:02]} Bf6 {[%emt 0:00:11]} 65. Rf7 {[%emt 0:00:05]} Bb2 {[%emt 0:00:12]} 66. Rh7 {[%emt 0:00:10]} Ba3 {[%emt 0:00:21]} 67. Rg7 {[%emt 0:00:21]} Kd8 {[%emt 0:00:49]} 68. Rg8+ {[%emt 0:00:16]} Ke7 {[%emt 0:00:29]} 69. Rg7+ {[%emt 0:01:29]} Ke8 {[%emt 0:00:07]} 70. Rh7 {[%emt 0:00:14]} Be7 {[%emt 0:01:05]} 71. Rh8+ {[%emt 0:02:21]} Bf8 {[%emt 0:00:05]} 72. Rh7 {[%emt 0:00:23]} Kd8 {[%emt 0:01:19]} 73. Rh8 {[%emt 0:00:40]} Ke7 {[%emt 0:00:19]} 74. Rh7+ {[%emt 0:00:02]} Ke8 {[%emt 0:00:01]} 75. Rh8 {[%emt 0:00:43]} b5 {[%emt 0:00:41]} 76. Rh7 {[%emt 0:00:43]} Kd8 {[%emt 0:00:55]} 77. Rh8 {[%emt 0:01:43]} Ke7 {[%emt 0:00:05]} 78. Rh7+ {[%emt 0:00:03]} Ke8 {[%emt 0:00:01]} 79. Rh2 {[%emt 0:00:45]} Be7 {[%emt 0:01:19]} 80. Rh8+ {[%emt 0:00:45]} Kf7 {[%emt 0:00:05]} 81. Rh6 {[%emt 0:00:39]} Bg4 {[%emt 0:01:44]} 82. Rb6 {[%emt 0:00:40]} Be2 {[%emt 0:00:48]} 83. Kc6 {[%emt 0:01:07]} b4 {[%emt 0:00:17]} 84. Kd5 {[%emt 0:00:01]} Bf1 {[%emt 0:00:58]} 85. Ke5 {[%emt 0:00:07]} Bc4 {[%emt 0:00:41]} 86. Rb7 {[%emt 0:00:29]} Ke8 {[%emt 0:00:24]} 87. Kd4 {[%emt 0:01:56]} Be6 {[%emt 0:00:17]} 88. Ke5 {[%emt 0:00:07]} Bf7 {[%emt 0:00:21]} 89. Rb8+ {[%emt 0:00:34]} Kd7 {[%emt 0:00:05]} 90. Rb7+ {[%emt 0:00:01]} Kd8 {[%emt 0:00:08]} 91. Kd4 {[%emt 0:00:07]} Be6 {[%emt 0:01:16]} 92. Rb6 {[%emt 0:02:08]} Bb3 {[%emt 0:00:56]} 93. Rb7 {[%emt 0:00:32]} Bd6 {[%emt 0:00:09]} 94. Rh7 {[%emt 0:01:37]} Be6 {[%emt 0:00:33]} 95. Rb7 {[%emt 0:00:37]} Kc8 {[%emt 0:00:10]} 96. Rh7 {[%emt 0:00:08]} b3 {[%emt 0:01:05]} 97. Rh1 {[%emt 0:01:40]} Bb4 {[%emt 0:00:39]} 98. Kd3 {[%emt 0:02:04]} Kc7 {[%emt 0:00:22]} 99. Rh4 {[%emt 0:00:18]} Bf5+ {[%emt 0:00:36]} 100. Ke2 {[%emt 0:01:19]} Bd6 {[%emt 0:00:30]} 101. Rc4+ {[%emt 0:00:50]} Kd7 {[%emt 0:00:13]} 0-1

[Event "VI Sunway Sitges Open 2019"]
[Site "Sitges"]
[Date "2019.12.13"]
[Round "1.36"]
[White "Harutyunian, Tigran K."]
[Black "Halmeenmaki, Tuomo"]
[Result "1-0"]
[WhiteElo "2540"]
[BlackElo "2183"]
[Annotator "ChessBase"]
[PlyCount "51"]
[EventDate "2019.12.13"]
[EventType "swiss"]
[EventCountry "ESP"]
[SourceTitle "playchess.com"]
[Source "ChessBase"]
[SourceQuality "1"]
[TimeControl "40/5400+30:1800+30"]

1. Nf3 {[%emt 0:00:00]} Nf6 {[%emt 0:00:00]} 2. c4 {[%emt 0:00:54]} g6 {[%emt 0:00:00]} 3. g3 {[%emt 0:00:19]} Bg7 {[%emt 0:00:00]} 4. Bg2 {[%emt 0:00:07]} O-O {[%emt 0:00:05]} 5. d4 {[%emt 0:00:53]} d6 {[%emt 0:00:09]} 6. Nc3 {[%emt 0:00:33]} Nc6 {[%emt 0:00:52]} 7. O-O {[%emt 0:04:07]} a6 {[%emt 0:00:15]} 8. Bd2 {[%emt 0:03:46]} e5 {[%emt 0:08:15]} 9. dxe5 {[%emt 0:01:39]} dxe5 {[%emt 0:00:30]} 10. Bg5 {[%emt 0:07:38]} Be6 {[%emt 0:15:39]} 11. Qc1 {[%emt 0:04:28]} Qc8 {[%emt 0:07:26]} 12. Rd1 {[%emt 0:00:23]} Re8 {[%emt 0:09:02]} 13. Nd5 {[%emt 0:02:17]} Nd7 {[%emt 0:10:36]} 14. Bh6 {[%emt 0:02:29]} f6 {[%emt 0:01:52]} 15. Bxg7 {[%emt 0:03:12]} Kxg7 {[%emt 0:00:08]} 16. Qe3 {[%emt 0:00:29]} Ne7 {[%emt 0:05:50]} 17. Qa3 {[%emt 0:03:10]} Bxd5 {[%emt 0:16:27]} 18. cxd5 {[%emt 0:03:45]} Nb6 {[%emt 0:00:19]} 19. Qc5 {[%emt 0:07:58]} Na4 {[%emt 0:07:16]} 20. Qb4 {[%emt 0:01:25]} Qd7 {[%emt 0:01:34]} 21. d6 {[%emt 0:02:05]} c5 {[%emt 0:02:14]} 22. Qa3 {[%emt 0:05:47]} Nf5 {[%emt 0:02:06]} 23. Rac1 {[%emt 0:00:38]} Nd4 {[%emt 0:00:47]} 24. Nxd4 {[%emt 0:00:37]} exd4 {[%emt 0:00:07]} 25. Rxd4 {[%emt 0:00:58]} Nb6 {[%emt 0:08:23]} 26. Rxc5 {[%emt 0:00:48]} 1-0

[Event "VI Sunway Sitges Open 2019"]
[Site "Sitges"]
[Date "2019.12.13"]
[Round "1.37"]
[White "Balaji Sekar"]
[Black "Moradiabadi, Elshan"]
[Result "0-1"]
[WhiteElo "1189"]
[BlackElo "2539"]
[Annotator "ChessBase"]
[PlyCount "82"]
[EventDate "2019.12.13"]
[EventType "swiss"]
[EventCountry "ESP"]
[SourceTitle "playchess.com"]
[Source "ChessBase"]
[SourceQuality "1"]
[TimeControl "40/5400+30:1800+30"]

1. e4 {[%emt 0:00:00]} c5 {[%emt 0:00:00]} 2. Nf3 {[%emt 0:00:00]} Nc6 {[%emt 0:00:00]} 3. Bb5 {[%emt 0:00:02]} g6 {[%emt 0:00:00]} 4. Bxc6 {[%emt 0:00:28]} bxc6 {[%emt 0:00:00]} 5. O-O {[%emt 0:00:35]} Bg7 {[%emt 0:00:00]} 6. Re1 {[%emt 0:01:20]} Qc7 {[%emt 0:01:51]} 7. c3 {[%emt 0:02:55]} d6 {[%emt 0:01:54]} 8. h3 {[%emt 0:03:45]} Nf6 {[%emt 0:00:20]} 9. d4 {[%emt 0:07:09]} cxd4 {[%emt 0:00:04]} 10. cxd4 {[%emt 0:00:08]} O-O {[%emt 0:00:03]} 11. Nc3 {[%emt 0:00:43]} Bb7 {[%emt 0:00:04]} 12. Bg5 {[%emt 0:04:24]} h6 {[%emt 0:02:45]} 13. Be3 {[%emt 0:01:04]} c5 {[%emt 0:08:56]} 14. dxc5 {[%emt 0:18:45]} dxc5 {[%emt 0:00:15]} 15. Qc1 {[%emt 0:01:44]} Kh7 {[%emt 0:01:38]} 16. Bf4 {[%emt 0:03:09]} Qc6 {[%emt 0:01:30]} 17. Be5 {[%emt 0:01:53]} Rfd8 {[%emt 0:07:28]} 18. Nd5 {[%emt 0:11:33]} Rd7 {[%emt 0:11:22]} 19. Qf4 {[%emt 0:06:33]} Nxd5 {[%emt 0:06:14]} 20. exd5 {[%emt 0:01:32]} Qxd5 {[%emt 0:00:15]} 21. Bxg7 {[%emt 0:06:29]} Kxg7 {[%emt 0:00:03]} 22. Rad1 {[%emt 0:02:14]} Qxd1 {[%emt 0:00:10]} 23. Rxd1 {[%emt 0:00:17]} Rxd1+ {[%emt 0:00:06]} 24. Kh2 {[%emt 0:00:03]} Rd6 {[%emt 0:09:13]} 25. Ne5 {[%emt 0:07:31]} f6 {[%emt 0:13:25]} 26. Ng4 {[%emt 0:00:23]} h5 {[%emt 0:00:14]} 27. Qh6+ {[%emt 0:00:54]} Kf7 {[%emt 0:00:01]} 28. Qh7+ {[%emt 0:00:17]} Ke6 {[%emt 0:00:01]} 29. Ne3 {[%emt 0:03:33]} Be4 {[%emt 0:00:17]} 30. Qh6 {[%emt 0:03:59]} Rd4 {[%emt 0:04:42]} 31. Nf1 {[%emt 0:01:39]} Rad8 {[%emt 0:01:07]} 32. Qe3 {[%emt 0:04:19]} Kf7 {[%emt 0:00:01]} 33. Qh6 {[%emt 0:00:53]} a5 {[%emt 0:01:07]} 34. b3 {[%emt 0:02:38]} a4 {[%emt 0:00:31]} 35. Qc1 {[%emt 0:00:45]} axb3 {[%emt 0:09:22]} 36. axb3 {[%emt 0:00:02]} c4 {[%emt 0:03:53]} 37. bxc4 {[%emt 0:01:48]} Rd1 {[%emt 0:00:01]} 38. Qe3 {[%emt 0:02:23]} Rxf1 {[%emt 0:00:04]} 39. Qxe4 {[%emt 0:00:02]} Rxf2 {[%emt 0:00:04]} 40. c5 {[%emt 0:00:00]} Rdd2 {[%emt 0:00:00]} 41. Qc4+ {[%emt 0:01:14]} Kf8 {[%emt 0:00:23]} 0-1

[Event "VI Sunway Sitges Open 2019"]
[Site "Sitges"]
[Date "2019.12.13"]
[Round "1.38"]
[White "Kulaots, Kaido"]
[Black "Represa Perez, Mireya"]
[Result "1-0"]
[WhiteElo "2538"]
[BlackElo "2171"]
[Annotator "ChessBase"]
[PlyCount "63"]
[EventDate "2019.12.13"]
[EventType "swiss"]
[EventCountry "ESP"]
[SourceTitle "playchess.com"]
[Source "ChessBase"]
[SourceQuality "1"]
[TimeControl "40/5400+30:1800+30"]

1. e4 {[%emt 0:02:16]} c5 {[%emt 0:00:00]} 2. Nf3 {[%emt 0:00:26]} d6 {[%emt 0:00:00]} 3. Bb5+ {[%emt 0:00:12]} Nd7 {[%emt 0:00:14]} 4. O-O {[%emt 0:00:16]} a6 {[%emt 0:00:14]} 5. Bd3 {[%emt 0:00:14]} Ngf6 {[%emt 0:00:19]} 6. Re1 {[%emt 0:00:57]} e6 {[%emt 0:00:24]} 7. a4 {[%emt 0:00:40]} b6 {[%emt 0:02:59]} 8. c3 {[%emt 0:01:29]} Bb7 {[%emt 0:00:13]} 9. Na3 {[%emt 0:00:33]} Be7 {[%emt 0:07:36]} 10. Bc2 {[%emt 0:04:38]} b5 {[%emt 0:03:14]} 11. d4 {[%emt 0:04:15]} e5 {[%emt 0:15:00]} 12. Bg5 {[%emt 0:14:17]} b4 {[%emt 0:13:37]} 13. Nc4 {[%emt 0:02:12]} cxd4 {[%emt 0:03:25]} 14. cxd4 {[%emt 0:02:13]} Qc7 {[%emt 0:01:00]} 15. Rc1 {[%emt 0:09:36]} O-O {[%emt 0:00:44]} 16. Bb1 {[%emt 0:08:49]} Qb8 {[%emt 0:02:34]} 17. dxe5 {[%emt 0:11:51]} Nxe5 {[%emt 0:04:22]} 18. Nb6 {[%emt 0:04:58]} Nxf3+ {[%emt 0:09:36]} 19. Qxf3 {[%emt 0:00:34]} Ra7 {[%emt 0:00:52]} 20. Bxf6 {[%emt 0:00:38]} Bxf6 {[%emt 0:00:05]} 21. Nd7 {[%emt 0:00:29]} Qd8 {[%emt 0:00:21]} 22. Nxf8 {[%emt 0:03:30]} Bxb2 {[%emt 0:00:53]} 23. Nxh7 {[%emt 0:02:49]} Bxc1 {[%emt 0:02:50]} 24. Rxc1 {[%emt 0:00:04]} Kxh7 {[%emt 0:09:47]} 25. Qxf7 {[%emt 0:00:26]} Kh8 {[%emt 0:00:29]} 26. Qh5+ {[%emt 0:02:32]} Kg8 {[%emt 0:00:08]} 27. Ba2+ {[%emt 0:00:16]} d5 {[%emt 0:00:28]} 28. exd5 {[%emt 0:00:07]} Qd6 {[%emt 0:00:32]} 29. Qe8+ {[%emt 0:03:04]} Kh7 {[%emt 0:00:08]} 30. Rc7 {[%emt 0:01:03]} Bxd5 {[%emt 0:03:39]} 31. Qh5+ {[%emt 0:01:30]} Qh6 {[%emt 0:00:19]} 32. Bb1+ {[%emt 0:00:12]} 1-0

[Event "VI Sunway Sitges Open 2019"]
[Site "Sitges"]
[Date "2019.12.13"]
[Round "1.39"]
[White "Schut, Han"]
[Black "Stefansson, Hannes"]
[Result "0-1"]
[WhiteElo "2169"]
[BlackElo "2538"]
[Annotator "ChessBase"]
[PlyCount "74"]
[EventDate "2019.12.13"]
[EventType "swiss"]
[EventCountry "ESP"]
[SourceTitle "playchess.com"]
[Source "ChessBase"]
[SourceQuality "1"]
[TimeControl "40/5400+30:1800+30"]

1. e4 {[%emt 0:00:00]} c5 {[%emt 0:00:00]} 2. Nf3 {[%emt 0:02:14]} Nc6 {[%emt 0:00:01]} 3. d4 {[%emt 0:01:21]} cxd4 {[%emt 0:00:07]} 4. Nxd4 {[%emt 0:00:03]} e6 {[%emt 0:00:31]} 5. Nc3 {[%emt 0:02:53]} a6 {[%emt 0:00:18]} 6. Be2 {[%emt 0:03:57]} Qc7 {[%emt 0:01:02]} 7. Be3 {[%emt 0:01:41]} Nf6 {[%emt 0:01:08]} 8. O-O {[%emt 0:01:41]} Be7 {[%emt 0:00:50]} 9. f4 {[%emt 0:03:40]} d6 {[%emt 0:00:15]} 10. Nb3 {[%emt 0:04:06]} b5 {[%emt 0:02:32]} 11. a3 {[%emt 0:00:03]} O-O {[%emt 0:00:41]} 12. Bd3 {[%emt 0:01:04]} b4 {[%emt 0:06:22]} 13. axb4 {[%emt 0:28:58]} Nxb4 {[%emt 0:00:33]} 14. Na5 {[%emt 0:16:40]} Rb8 {[%emt 0:03:45]} 15. Qe2 {[%emt 0:00:50]} e5 {[%emt 0:04:34]} 16. h3 {[%emt 0:13:21]} exf4 {[%emt 0:07:47]} 17. Bxf4 {[%emt 0:03:28]} Be6 {[%emt 0:00:31]} 18. Kh1 {[%emt 0:02:53]} Nxd3 {[%emt 0:12:58]} 19. cxd3 {[%emt 0:00:16]} Rb4 {[%emt 0:00:25]} 20. Rfc1 {[%emt 0:00:58]} Qd7 {[%emt 0:00:54]} 21. Bg5 {[%emt 0:07:29]} Rfb8 {[%emt 0:02:04]} 22. Rc2 {[%emt 0:00:00]} h6 {[%emt 0:00:31]} 23. Be3 {[%emt 0:02:05]} Rc8 {[%emt 0:08:33]} 24. d4 {[%emt 0:00:20]} d5 {[%emt 0:13:02]} 25. e5 {[%emt 0:01:45]} Ne8 {[%emt 0:00:43]} 26. Kg1 {[%emt 0:00:29]} Bf5 {[%emt 0:00:57]} 27. Rcc1 {[%emt 0:00:31]} Nc7 {[%emt 0:02:16]} 28. b3 {[%emt 0:00:30]} Rb6 {[%emt 0:01:55]} 29. Qf3 {[%emt 0:00:15]} Bb4 {[%emt 0:01:30]} 30. Nxd5 {[%emt 0:00:48]} Nxd5 {[%emt 0:00:23]} 31. Rxc8+ {[%emt 0:00:11]} Qxc8 {[%emt 0:00:07]} 32. Qxd5 {[%emt 0:00:16]} Rb5 {[%emt 0:00:35]} 33. Qf3 {[%emt 0:00:43]} Rxa5 {[%emt 0:02:14]} 34. Rc1 {[%emt 0:00:02]} Qd7 {[%emt 0:00:46]} 35. g4 {[%emt 0:00:43]} Be6 {[%emt 0:00:53]} 36. Qa8+ {[%emt 0:00:20]} Bf8 {[%emt 0:02:29]} 37. Rc8 {[%emt 0:00:53]} Qxc8 {[%emt 0:00:08]} 0-1

[Event "VI Sunway Sitges Open 2019"]
[Site "Sitges"]
[Date "2019.12.13"]
[Round "1.40"]
[White "Narayanan, Srinath"]
[Black "Paquico Rodriguez, Ivan"]
[Result "1-0"]
[WhiteElo "2529"]
[BlackElo "2165"]
[Annotator "ChessBase"]
[PlyCount "123"]
[EventDate "2019.12.13"]
[EventType "swiss"]
[EventCountry "ESP"]
[SourceTitle "playchess.com"]
[Source "ChessBase"]
[SourceQuality "1"]
[TimeControl "40/5400+30:1800+30"]

1. e4 {[%emt 0:00:07]} d6 {[%emt 0:00:00]} 2. d4 {[%emt 0:00:06]} Nf6 {[%emt 0:00:06]} 3. Nc3 {[%emt 0:00:07]} Nbd7 {[%emt 0:00:14]} 4. Nf3 {[%emt 0:00:25]} e5 {[%emt 0:00:17]} 5. Bc4 {[%emt 0:00:07]} Be7 {[%emt 0:00:28]} 6. a4 {[%emt 0:02:29]} c6 {[%emt 0:02:09]} 7. O-O {[%emt 0:01:41]} Qc7 {[%emt 0:02:08]} 8. Re1 {[%emt 0:05:30]} h6 {[%emt 0:06:02]} 9. h3 {[%emt 0:02:05]} Nf8 {[%emt 0:06:04]} 10. Nh4 {[%emt 0:01:50]} Be6 {[%emt 0:28:02]} 11. Bf1 {[%emt 0:28:54]} Ng6 12. Nxg6 {[%emt 0:16:27]} fxg6 {[%emt 0:02:07]} 13. f4 {[%emt 0:14:39]} O-O {[%emt 0:06:57]} 14. Be3 {[%emt 0:07:06]} exf4 {[%emt 0:00:56]} 15. Bxf4 {[%emt 0:00:42]} Nh5 {[%emt 0:06:56]} 16. Bh2 {[%emt 0:00:00]} Bh4 {[%emt 0:01:33]} 17. Re2 {[%emt 0:00:58]} Bc4 {[%emt 0:01:42]} 18. Re1 {[%emt 0:02:17]} Bf2+ {[%emt 0:02:09]} 19. Kh1 {[%emt 0:02:55]} Bxf1 {[%emt 0:03:45]} 20. Rxf1 {[%emt 0:04:12]} Qd7 {[%emt 0:10:29]} 21. Qd3 {[%emt 0:10:12]} Bh4 {[%emt 0:05:08]} 22. Ne2 {[%emt 0:02:47]} Bg5 {[%emt 0:19:23]} 23. b3 {[%emt 0:01:38]} Nf6 {[%emt 0:02:40]} 24. d5 {[%emt 0:00:00]} Rae8 {[%emt 0:00:00]} 25. dxc6 {[%emt 0:00:00]} Qxc6 {[%emt 0:00:39]} 26. Bxd6 {[%emt 0:02:26]} Qxe4 {[%emt 0:00:00]} 27. Qxe4 {[%emt 0:00:00]} Rxe4 {[%emt 0:00:42]} 28. Ng3 {[%emt 0:00:39]} Rd8 {[%emt 0:00:44]} 29. Nxe4 {[%emt 0:00:00]} Nxe4 {[%emt 0:00:49]} 30. Bf4 {[%emt 0:01:04]} Bf6 {[%emt 0:00:00]} 31. Rae1 {[%emt 0:01:21]} Nc5 {[%emt 0:01:36]} 32. Be3 {[%emt 0:00:27]} Ne4 {[%emt 0:00:32]} 33. Bf4 {[%emt 0:01:22]} Nc5 {[%emt 0:01:32]} 34. Rd1 {[%emt 0:00:00]} Rc8 {[%emt 0:00:18]} 35. Rfe1 {[%emt 0:00:00]} b6 {[%emt 0:00:55]} 36. Re2 {[%emt 0:00:00]} Rc6 {[%emt 0:01:05]} 37. Rd6 {[%emt 0:00:00]} Rc8 {[%emt 0:00:00]} 38. g4 {[%emt 0:00:00]} g5 {[%emt 0:00:00]} 39. Bg3 {[%emt 0:00:00]} Na6 {[%emt 0:01:02]} 40. a5 {[%emt 0:00:27]} Nb4 {[%emt 0:00:00]} 41. axb6 {[%emt 0:01:36]} axb6 {[%emt 0:00:42]} 42. Rxb6 {[%emt 0:02:12]} Nxc2 {[%emt 0:00:00]} 43. Rb8 {[%emt 0:00:22]} Rxb8 {[%emt 0:00:00]} 44. Bxb8 {[%emt 0:00:00]} Nd4 {[%emt 0:00:11]} 45. Re3 {[%emt 0:00:37]} Nc6 {[%emt 0:00:00]} 46. Bd6 {[%emt 0:00:00]} Bd4 {[%emt 0:00:00]} 47. Re8+ {[%emt 0:00:00]} Kf7 {[%emt 0:00:00]} 48. Rc8 {[%emt 0:00:00]} Na7 {[%emt 0:00:00]} 49. Rc7+ {[%emt 0:00:00]} Ke6 {[%emt 0:00:13]} 50. Bc5 {[%emt 0:00:00]} Nb5 {[%emt 0:00:00]} 51. Re7+ {[%emt 0:00:57]} Kd5 {[%emt 0:00:00]} 52. Bxd4 {[%emt 0:00:00]} Nxd4 {[%emt 0:00:12]} 53. b4 {[%emt 0:00:41]} g6 {[%emt 0:00:15]} 54. Rc7 {[%emt 0:00:25]} Ne6 {[%emt 0:00:00]} 55. Rc8 {[%emt 0:01:23]} Nd4 {[%emt 0:00:05]} 56. Kg2 {[%emt 0:00:43]} Ke4 {[%emt 0:00:26]} 57. Rc5 {[%emt 0:01:00]} Ne6 {[%emt 0:01:20]} 58. Rc6 {[%emt 0:00:59]} Nf4+ {[%emt 0:00:09]} 59. Kh2 {[%emt 0:01:10]} h5 {[%emt 0:01:57]} 60. b5 {[%emt 0:08:28]} h4 {[%emt 0:06:14]} 61. b6 {[%emt 0:00:40]} Kd5 {[%emt 0:00:52]} 62. Rc8 {[%emt 0:00:22]} 1-0

[Event "VI Sunway Sitges Open 2019"]
[Site "Sitges"]
[Date "2019.12.13"]
[Round "1.41"]
[White "Llaneza Vega, Patricia"]
[Black "Krysa, Leandro"]
[Result "0-1"]
[WhiteElo "2164"]
[BlackElo "2527"]
[Annotator "ChessBase"]
[PlyCount "80"]
[EventDate "2019.12.13"]
[EventType "swiss"]
[EventCountry "ESP"]
[SourceTitle "playchess.com"]
[Source "ChessBase"]
[SourceQuality "1"]
[TimeControl "40/5400+30:1800+30"]

1. e4 {[%emt 0:00:00]} e5 {[%emt 0:00:00]} 2. Nf3 {[%emt 0:00:00]} Nc6 {[%emt 0:00:00]} 3. Bc4 {[%emt 0:00:10]} Nf6 {[%emt 0:01:28]} 4. Ng5 {[%emt 0:01:22]} d5 {[%emt 0:00:13]} 5. exd5 {[%emt 0:00:07]} Na5 {[%emt 0:00:08]} 6. Bb5+ {[%emt 0:00:05]} c6 {[%emt 0:00:11]} 7. dxc6 {[%emt 0:00:06]} bxc6 {[%emt 0:00:05]} 8. Bd3 {[%emt 0:00:48]} Nd5 {[%emt 0:03:53]} 9. Nf3 {[%emt 0:00:44]} Bd6 {[%emt 0:00:31]} 10. O-O {[%emt 0:01:04]} O-O {[%emt 0:00:36]} 11. Re1 {[%emt 0:02:27]} f5 {[%emt 0:09:21]} 12. Nxe5 {[%emt 0:16:41]} Qf6 {[%emt 0:01:14]} 13. Nc4 {[%emt 0:11:48]} Nxc4 {[%emt 0:12:54]} 14. Bxc4 {[%emt 0:00:14]} Qh6 {[%emt 0:11:34]} 15. g3 {[%emt 0:04:57]} f4 {[%emt 0:04:00]} 16. d4 {[%emt 0:08:53]} Qg6 {[%emt 0:08:54]} 17. Bxf4 {[%emt 0:13:19]} Rxf4 {[%emt 0:11:10]} 18. Nc3 {[%emt 0:02:35]} Bb7 {[%emt 0:05:18]} 19. Bd3 {[%emt 0:06:05]} Qh6 {[%emt 0:04:47]} 20. Ne4 {[%emt 0:01:35]} Rf7 {[%emt 0:09:18]} 21. c4 {[%emt 0:07:20]} Nf4 {[%emt 0:05:39]} 22. gxf4 {[%emt 0:05:20]} Bxf4 {[%emt 0:02:19]} 23. Ng3 {[%emt 0:00:06]} Raf8 {[%emt 0:01:22]} 24. Re4 {[%emt 0:05:34]} Bb8 {[%emt 0:03:11]} 25. Qc1 {[%emt 0:02:57]} g5 {[%emt 0:00:07]} 26. Re2 {[%emt 0:01:03]} Bc8 {[%emt 0:00:32]} 27. Be4 {[%emt 0:00:37]} Bg4 {[%emt 0:02:30]} 28. Rc2 {[%emt 0:00:11]} Rxf2 {[%emt 0:00:55]} 29. Rxf2 {[%emt 0:01:27]} Rxf2 {[%emt 0:00:01]} 30. Kxf2 {[%emt 0:00:07]} Qxh2+ {[%emt 0:00:03]} 31. Bg2 {[%emt 0:01:10]} Qxg3+ {[%emt 0:00:09]} 32. Kf1 {[%emt 0:00:55]} Qd3+ {[%emt 0:01:08]} 33. Kg1 {[%emt 0:00:56]} Qxd4+ {[%emt 0:00:16]} 34. Kf1 {[%emt 0:00:20]} Bh2 {[%emt 0:01:07]} 35. Bd5+ {[%emt 0:05:05]} Kf8 {[%emt 0:01:46]} 36. Kg2 {[%emt 0:00:49]} Bf4 {[%emt 0:00:09]} 37. Qc3 {[%emt 0:00:45]} Qxc3 {[%emt 0:00:09]} 38. bxc3 {[%emt 0:00:03]} cxd5 {[%emt 0:00:03]} 39. cxd5 {[%emt 0:00:04]} Bf5 {[%emt 0:01:50]} 40. Rd1 {[%emt 0:00:00]} Ke7 {[%emt 0:00:00]} 0-1